[Event "Remote email"]
[Site "Remote email"]
[Date "2013.04.18"]
[Round "?"]
[White "Kappert, Michael"]
[Black "Agsteiner, Karlheinz"]
[Result "1-0"]
[WhiteElo "2000"]
[BlackElo "2000"]
[PlyCount "57"]
[EventDate "2013.??.??"]
[EventType "tourn (corr)"]
[EventRounds "6"]
[EventCountry "GER"]
[SourceTitle "Corr 2015"]
[Source "ChessBase"]
[SourceDate "2015.07.17"]
[SourceVersion "1"]
[SourceVersionDate "2015.07.17"]
[SourceQuality "1"]

1. c4 g6 2. e4 Bg7 3. d4 c5 4. Nf3 d6 5. Be2 Bg4 6. dxc5 Qa5+ 7. Nc3 dxc5 8. Bd2 Nc6 9. 0-0 Bxf3 10. Bxf3 0-0-0 11. Nd5 Qa6 12. Be3 b6 13. Rb1 e6 14. b4 exd5 15. b5 Qxa2 16. Bg4+ f5 17. exf5 Kc7 18. bxc6 Be5 19. Bf3 Nf6 20. Bg5 Qxc4 21. Re1 Ne4 22. Bxe4 dxe4 23. Bxd8+ Rxd8 24. Qg4 Rd4 25. fxg6 e3 26. f4 hxg6 27. Rxe3 Rd5 28. Ra3 a6 29. Rh3 1-0